000 01212cab a2200373 4500
001 ABS58980
008 090401t1998 xxu||||| |||| 00| 0 eng d
035 _a(Sirsi) u87827
041 _aeng
100 _aChevin, D.
245 _aIs Egan on target?
260 _c1998
350 _a0
490 _aBuilding
_v263(8049) 24 July 1998, 18-23(6)
520 _aExamines the contents of the report "Rethinking Construction" produced by Sir John Egan`s client-led task force. Discusses whether the targets are achievable, standardisation, the move towards a value for money approach, and a new housing forum to improve efficiency. Includes industry reaction to the report.
650 _aBEST PRACTICE
650 _aCOMPETITIVE TENDERING
650 _aCONSTRUCTION COSTS
650 _aCONSTRUCTION INDUSTRY
650 _aDEMONSTRATION PROJECTS
650 _aDESIGN PROCESS
650 _aHOUSING
650 _aPARTNERING ARRANGEMENTS
650 _aPRODUCTIVITY
650 _aPROFITS
650 _aQUALITY
650 _aSTANDARDISATION
650 _aVALUE FOR MONEY
690 _aBUILT ENVIRONMENT
700 _aKing, D.
700 _aCook, A.
942 _n0
948 _c05/08/1998
999 _c55426
_d55426